[Event "Women's Speed Chess Q1"]
[Site "chess.com INT"]
[Date "2020.06.18"]
[Round "6"]
[White "Vantika, Agrawal"]
[Black "Morales Flores, Monserrat"]
[Result "1-0"]
[WhiteTitle "WIM"]
[BlackTitle "WCM"]
[WhiteElo "2286"]
[BlackElo "1974"]
[WhiteFideId "25050389"]
[BlackFideId "3412016"]
[EventDate "2020.06.18"]

1. d4 Nf6 2. c4 g6 3. g3 Bg7 4. Bg2 O-O 5. Nf3 d6 6. O-O Nc6 7. Nc3 e5 8. dxe5
dxe5 9. Bg5 Be6 10. Qc1 Qc8 11. Rd1 Nd7 12. Nd5 f6 13. Bh6 Nc5 14. Bxg7 Kxg7 15.
b4 Ne4 16. b5 Bxd5 17. cxd5 Ne7 18. Qc2 Nd6 19. a4 a6 20. bxa6 Rxa6 21. Nd2 Nef5
22. Nb3 Rf7 23. Nc5 Ra5 24. Ne6+ Kg8 25. e3 c6 26. Rac1 Qe8 27. Qb3 e4 28. dxc6
bxc6 29. g4 Nh4 30. Rxd6 Nxg2 31. Rd8 Ra8 32. Rxe8+ Rxe8 33. Kxg2 1-0

[Event "Women's Speed Chess Q1"]
[Site "chess.com INT"]
[Date "2020.06.18"]
[Round "6"]
[White "Monteiro, Sara Cristina da Silva"]
[Black "Shukhman, Anna"]
[Result "0-1"]
[WhiteTitle "WCM"]
[BlackTitle "WCM"]
[WhiteElo "1709"]
[BlackElo "1866"]
[WhiteFideId "1909860"]
[BlackFideId "54180058"]
[EventDate "2020.06.18"]

1. d4 Nf6 2. Bg5 d5 3. Nf3 Nbd7 4. e3 g6 5. c4 c6 6. Nc3 Bg7 7. Be2 O-O 8. O-O
h6 9. Bh4 Nb6 10. b3 g5 11. Bg3 Ne4 12. Nxe4 dxe4 13. Ne5 f5 14. f4 Nd7 15. Ng6
Rf6 16. Bh5 g4 17. Bh4 Qe8 18. Bxf6 Nxf6 19. Bxg4 Nxg4 20. Ne5 Nxe3 21. Qe2 Nxf1
22. Rxf1 Be6 23. Qe3 Rd8 24. Rd1 Qh5 25. Qg3 Qxd1+ 26. Kf2 Qxd4+ 0-1

[Event "Women's Speed Chess Q1"]
[Site "chess.com INT"]
[Date "2020.06.18"]
[Round "6"]
[White "Miroshnik, Ekaterina"]
[Black "Nandhidhaa, P V"]
[Result "0-1"]
[WhiteTitle "WFM"]
[BlackTitle "WGM"]
[WhiteElo "2139"]
[BlackElo "2365"]
[WhiteFideId "34127698"]
[BlackFideId "5050847"]
[EventDate "2020.06.18"]

1. d4 Nf6 2. c4 e6 3. Nf3 c5 4. d5 exd5 5. cxd5 d6 6. Nc3 g6 7. e4 Bg7 8. Bd3
O-O 9. O-O Bg4 10. h3 Bxf3 11. Qxf3 Nbd7 12. Bf4 Qe7 13. Bc2 Nh5 14. Bh2 Be5 15.
Bxe5 Nxe5 16. Qe3 g5 17. g3 Kh8 18. f4 gxf4 19. gxf4 Rg8+ 20. Kh2 Qh4 21. Rg1
Ng4+ 22. Rxg4 Rxg4 23. Ne2 Rag8 24. Rg1 Rxg1 25. Nxg1 Nxf4 26. Qf3 Rg2+ 0-1

[Event "Women's Speed Chess Q1"]
[Site "chess.com INT"]
[Date "2020.06.18"]
[Round "6"]
[White "Azhar, Puteri Munajjah Az-Zahraa"]
[Black "Tarasova, Viktoriya"]
[Result "1-0"]
[WhiteTitle "WIM"]
[BlackTitle "WIM"]
[WhiteElo "2046"]
[BlackElo "2226"]
[WhiteFideId "5709040"]
[BlackFideId "4175840"]
[EventDate "2020.06.18"]

1. e4 c5 2. Nf3 d6 3. d3 Nc6 4. g3 g6 5. Bg2 Bg7 6. O-O e6 7. c3 Nge7 8. Be3 O-O
9. Nbd2 Rb8 10. a4 a6 11. Qc2 b5 12. axb5 axb5 13. Ne1 b4 14. f4 bxc3 15. bxc3
Qb6 16. Nef3 Qb2 17. Ra2 Qxc2 18. Rxc2 Ba6 19. Ne1 f5 20. e5 dxe5 21. Bxc5 e4
22. c4 Nd4 23. Bxd4 Bxd4+ 24. Kh1 e3 25. Ndf3 Rfd8 26. Nxd4 Rxd4 27. Rf3 Rb1 28.
Rxe3 Kf7 29. Kg1 Bb7 30. Bxb7 Rxb7 31. Nf3 Rd6 32. Ng5+ Kf6 33. Nxh7+ Kg7 34.
Ng5 Kf6 35. Rce2 Rb1+ 36. Kf2 1-0

[Event "Women's Speed Chess Q1"]
[Site "chess.com INT"]
[Date "2020.06.18"]
[Round "6"]
[White "Daulyte-Cornette, Deimante"]
[Black "Vakhania, Aleksandra"]
[Result "1-0"]
[WhiteTitle "IM"]
[BlackTitle "WIM"]
[WhiteElo "2400"]
[BlackElo "2138"]
[WhiteFideId "12802859"]
[BlackFideId "13602560"]
[EventDate "2020.06.18"]

1. e4 c6 2. d4 d5 3. e5 g6 4. h3 c5 5. dxc5 Nc6 6. Nf3 Bg7 7. Bf4 Qa5+ 8. Nc3
Be6 9. Bb5 O-O-O 10. Bxc6 bxc6 11. Qd4 Nh6 12. g4 f6 13. O-O-O Nf7 14. Rhe1 h5
15. g5 fxg5 16. Nxg5 Bh6 17. Nxe6 Bxf4+ 18. Qxf4 1-0

[Event "Women's Speed Chess Q1"]
[Site "chess.com INT"]
[Date "2020.06.18"]
[Round "6"]
[White "De Seroux, Camille"]
[Black "Yakimova, Mariya"]
[Result "1-0"]
[WhiteTitle "WIM"]
[BlackTitle "WFM"]
[WhiteElo "2137"]
[BlackElo "2269"]
[WhiteFideId "1305620"]
[BlackFideId "34188859"]
[EventDate "2020.06.18"]

1. e4 c5 2. Nc3 Nc6 3. Bb5 Nd4 4. Bc4 d6 5. Nge2 Nf6 6. d3 e5 7. O-O Be7 8. f4
O-O 9. Nxd4 cxd4 10. Ne2 Be6 11. Bb3 b5 12. Ng3 a5 13. f5 Bxb3 14. axb3 d5 15.
Nh5 dxe4 16. Nxf6+ Bxf6 17. dxe4 Bg5 18. Qh5 Bxc1 19. Raxc1 a4 20. f6 gxf6 21.
Rf3 f5 22. Rg3+ Kh8 23. Rh3 Kg7 24. Qh6+ 1-0

[Event "Women's Speed Chess Q1"]
[Site "chess.com INT"]
[Date "2020.06.18"]
[Round "6"]
[White "Bouah, Denise"]
[Black "Kairbekova, Amina"]
[Result "0-1"]
[WhiteTitle "WIM"]
[BlackTitle "WFM"]
[WhiteElo "1770"]
[BlackElo "2065"]
[WhiteFideId "14300818"]
[BlackFideId "13712799"]
[EventDate "2020.06.18"]

1. e4 c5 2. d3 Nc6 3. Nd2 g6 4. f4 Bg7 5. g3 e6 6. Bg2 Nge7 7. Ngf3 O-O 8. O-O
Nd4 9. c3 Nxf3+ 10. Nxf3 Nc6 11. Re1 d5 12. e5 d4 13. c4 b6 14. Nd2 Bb7 15. Ne4
Qd7 16. Nd6 f6 17. Nxb7 Qxb7 18. Qf3 Rac8 19. exf6 Rxf6 20. Bh3 Re8 21. f5 gxf5
22. Bg5 Rg6 23. Bh4 Qd7 24. Qf4 Bh6 25. Qf1 Be3+ 26. Kh1 Ne5 27. Bg2 Rf8 28. Re2
f4 29. gxf4 Rxf4 30. Qe1 Nxd3 31. Qd1 Rxh4 32. Qxd3 Rxh2+ 33. Kxh2 Qd6+ 34. Kh3
Qg3# 0-1

[Event "Women's Speed Chess Q1"]
[Site "chess.com INT"]
[Date "2020.06.18"]
[Round "6"]
[White "Sukandar, Irine Kharisma"]
[Black "Sedina, Elena"]
[Result "1-0"]
[WhiteTitle "IM"]
[BlackTitle "IM"]
[WhiteElo "2413"]
[BlackElo "2299"]
[WhiteFideId "7101937"]
[BlackFideId "812153"]
[EventDate "2020.06.18"]

1. d4 d5 2. Nf3 Nf6 3. g3 c6 4. Bg2 Bf5 5. O-O e6 6. b3 h6 7. Bb2 Nbd7 8. Nbd2
Bd6 9. Ne5 O-O 10. Re1 Qe7 11. c4 Rfd8 12. c5 Bxe5 13. dxe5 Ne4 14. Nxe4 Bxe4
15. Bxe4 dxe4 16. Qc2 Qxc5 17. Qxe4 Nf8 18. Red1 Rd5 19. Rac1 Qa5 20. Rxd5 cxd5
21. Qc2 Ng6 22. Bd4 Ne7 23. Qc7 Qxc7 24. Rxc7 Nc6 25. e3 Rb8 26. Kf1 a6 27. Ke2
Kf8 28. Bc5+ Ke8 29. Bd6 f6 30. Rxc6 Rd8 31. Rc7 fxe5 32. Re7+ Kf8 33. Rd7+ Ke8
34. Rxd8+ Kxd8 35. Bxe5 1-0

[Event "Women's Speed Chess Q1"]
[Site "chess.com INT"]
[Date "2020.06.18"]
[Round "6"]
[White "Idrisova, Roza"]
[Black "Hejazipour, Mitra"]
[Result "1-0"]
[WhiteTitle "WFM"]
[BlackTitle "WGM"]
[WhiteElo "1960"]
[BlackElo "2300"]
[WhiteFideId "4146662"]
[BlackFideId "12505951"]
[EventDate "2020.06.18"]

1. d4 Nf6 2. Nf3 e6 3. Bg5 h6 4. Bh4 d5 5. e3 Be7 6. Nbd2 c5 7. c3 Nc6 8. Bd3
Nd7 9. Bxe7 Qxe7 10. O-O e5 11. dxe5 Ndxe5 12. Nxe5 Qxe5 13. Nf3 Qh5 14. h3 O-O
15. Nh2 Qg5 16. Kh1 Be6 17. Bc2 Rad8 18. Qd3 g6 19. Rad1 a6 20. a3 Ne5 21. Qe2
Nc4 22. Bd3 Qf6 23. Bxc4 dxc4 24. e4 h5 25. f4 b5 26. f5 Bc8 27. e5 Qg5 28. e6
fxe6 29. fxe6 Qe7 30. Rxd8 Rxd8 31. Qe5 Qxe6 32. Qxc5 Bb7 33. Qc7 Rd7 34. Qb8+
Kh7 35. Nf3 Qd5 36. Qg3 Re7 37. Ng5+ Kg7 38. Rf2 Kh6 39. h4 Qd3 40. Qf4 Qd1+ 41.
Kh2 1-0

[Event "Women's Speed Chess Q1"]
[Site "chess.com INT"]
[Date "2020.06.18"]
[Round "6"]
[White "Munkhzul, Turmunkh"]
[Black "Burtasova, Anna"]
[Result "1-0"]
[WhiteTitle "WIM"]
[BlackTitle "WGM"]
[WhiteElo "2278"]
[BlackElo "2261"]
[WhiteFideId "4901878"]
[BlackFideId "4150740"]
[EventDate "2020.06.18"]

1. e4 c5 2. Nf3 e6 3. d4 cxd4 4. Nxd4 a6 5. Bd3 Nf6 6. O-O d6 7. Qe2 Be7 8. c4
Nbd7 9. Nc3 Qc7 10. Be3 b6 11. Rfd1 Bb7 12. Rac1 O-O 13. f3 Rfe8 14. b3 Rac8 15.
Qf2 Qb8 16. Bf1 Bd8 17. Nde2 Bc7 18. Ng3 Ne5 19. Bxb6 h5 20. Nge2 Nfd7 21. Bxc7
Qxc7 22. Nf4 g6 23. Nd3 Nc6 24. b4 Nce5 25. Nxe5 Nxe5 26. Na4 Rcd8 27. c5 Qc6
28. b5 axb5 29. cxd6 Nc4 30. Bxc4 bxc4 31. Nc5 Bc8 32. e5 Bd7 33. Ne4 Kg7 34.
Qh4 Qb6+ 35. Kh1 Rc8 36. Qf6+ Kg8 37. Qf4 Ba4 38. Nf6+ Kg7 39. Re1 Red8 40. Qg5
Kf8 41. Qh6# 1-0

[Event "Women's Speed Chess Q1"]
[Site "chess.com INT"]
[Date "2020.06.18"]
[Round "6"]
[White "Goryachkina, Aleksandra"]
[Black "Harika, Dronavalli"]
[Result "1-0"]
[WhiteTitle "GM"]
[BlackTitle "GM"]
[WhiteElo "2582"]
[BlackElo "2515"]
[WhiteFideId "4147103"]
[BlackFideId "5015197"]
[EventDate "2020.06.18"]

1. d4 Nf6 2. c4 d6 3. Nc3 e5 4. Nf3 exd4 5. Nxd4 g6 6. e4 Bg7 7. Be2 O-O 8. O-O
Re8 9. f3 Nc6 10. Be3 Nh5 11. Qd2 Nf4 12. Nxc6 Nxe2+ 13. Nxe2 bxc6 14. Bd4 Bxd4+
15. Nxd4 c5 16. Ne2 Bd7 17. Nc3 Bc6 18. Rfe1 a5 19. a4 Qf6 20. Nb5 Bxb5 21. axb5
a4 22. Ra3 Qe5 23. Rea1 f5 24. Qd5+ Qxd5 25. exd5 Re2 26. Rxa4 Rxa4 27. Rxa4
Rxb2 28. Ra7 Rb4 29. Rxc7 f4 30. Kf2 g5 31. Ke2 h5 32. Kd3 Kf8 33. Kc3 Ke8 34.
Rh7 h4 35. Rg7 Rb1 36. Rxg5 h3 37. gxh3 Rf1 38. b6 Rxf3+ 39. Kc2 Kd7 40. Rg8
Rf2+ 41. Kd3 Rb2 42. b7 Kc7 43. b8=Q+ Rxb8 44. Rxb8 Kxb8 45. h4 1-0

[Event "Women's Speed Chess Q1"]
[Site "chess.com INT"]
[Date "2020.06.18"]
[Round "6"]
[White "Mammadova, Gulnar"]
[Black "Artemyeva, Olga"]
[Result "1-0"]
[WhiteTitle "IM"]
[BlackTitle "WFM"]
[WhiteElo "2382"]
[BlackElo "2069"]
[WhiteFideId "13403508"]
[BlackFideId "4138422"]
[EventDate "2020.06.18"]

1. e4 e5 2. Nf3 Nc6 3. Bc4 Nf6 4. d3 Be7 5. O-O O-O 6. a4 d6 7. Re1 Kh8 8. Nc3
Ng8 9. h3 f5 10. Nd5 fxe4 11. dxe4 Be6 12. a5 a6 13. Ra3 Qd7 14. Ba2 Nd8 15. b4
Nf6 16. c4 Rb8 17. Rd3 Bxd5 18. exd5 e4 19. Rde3 Nf7 20. Bb1 exf3 21. Rxe7 Qd8
22. R7e6 fxg2 23. Qd3 Ne5 24. R1xe5 dxe5 25. Rxf6 g6 26. Re6 Rf5 27. Qe3 Qf8 28.
Bxf5 Qxf5 29. Rxe5 Qb1 30. Kxg2 Qxb4 31. Qd4 Kg8 32. Bh6 1-0

[Event "Women's Speed Chess Q1"]
[Site "chess.com INT"]
[Date "2020.06.18"]
[Round "6"]
[White "Tereladze, Sopiko"]
[Black "Shvedova, Alexandra"]
[Result "1-0"]
[WhiteTitle "WIM"]
[BlackTitle "WFM"]
[WhiteElo "2141"]
[BlackElo "1994"]
[WhiteFideId "13600486"]
[BlackFideId "54154782"]
[EventDate "2020.06.18"]

1. d4 d5 2. Nf3 Nf6 3. Bf4 c5 4. c3 Nc6 5. e3 Qb6 6. b3 Bf5 7. Nbd2 e6 8. Be2 h6
9. O-O Be7 10. Ne5 O-O 11. g4 Bh7 12. h4 Nd7 13. Nxd7 Qd8 14. Nxf8 Qxf8 15. Bg3
Qd8 16. Kg2 Bxh4 17. Bxh4 Qxh4 18. Rh1 Qg5 19. f4 Qg6 20. Kf2 f6 21. Nf3 Rd8 22.
Nh4 Qf7 23. Bd3 e5 24. Bxh7+ Kxh7 25. dxe5 fxe5 26. Qc2+ Kg8 27. Qg6 exf4 28.
Qxf7+ Kxf7 29. exf4 d4 30. cxd4 cxd4 31. Nf3 Nb4 32. Ne5+ Kf6 33. Rhd1 g5 34.
Nd3 Nc2 35. Rac1 Ne3 36. Rg1 Nd5 37. fxg5+ Kxg5 38. Rce1 Ne3 39. Ne5 Rf8+ 40.
Kg3 Nc2 41. Nf3+ Kg6 42. Re6+ Kf7 43. Rd6 Ke7 44. Rd5 Ke6 45. Rxd4 Rxf3+ 46.
Kxf3 Nxd4+ 47. Ke4 Nb5 48. Rh1 Nc3+ 49. Kd4 Nxa2 50. Rxh6+ Kf7 51. Rh7+ Kg6 52.
Rxb7 Nc1 53. b4 Na2 54. b5 Nb4 55. Rxa7 Kg5 56. Ra4 Nc2+ 57. Kc5 Na1 58. b6 Nb3+
59. Kc6 1-0

[Event "Women's Speed Chess Q1"]
[Site "chess.com INT"]
[Date "2020.06.18"]
[Round "6"]
[White "Stefanova, Antoaneta"]
[Black "Kashlinskaya, Alina"]
[Result "1-0"]
[WhiteTitle "GM"]
[BlackTitle "IM"]
[WhiteElo "2462"]
[BlackElo "2494"]
[WhiteFideId "2902257"]
[BlackFideId "4198026"]
[EventDate "2020.06.18"]

1. d4 Nf6 2. Nc3 d5 3. Bf4 e6 4. e3 Bb4 5. Ne2 Bd6 6. Bg3 O-O 7. Nb5 Bxg3 8.
hxg3 a6 9. Na3 c5 10. c3 Qe7 11. Nf4 Nc6 12. Bd3 g6 13. Nc2 e5 14. dxe5 Nxe5 15.
Be2 Bf5 16. O-O Rad8 17. Ne1 Rfe8 18. Nf3 Nc4 19. Qc1 h6 20. Nxd5 Nxd5 21. Bxc4
b5 22. Bxd5 Rxd5 23. c4 bxc4 24. Qxc4 Red8 25. Rfc1 Bd3 26. Qh4 Kg7 27. Qxe7 1-0

[Event "Women's Speed Chess Q1"]
[Site "chess.com INT"]
[Date "2020.06.18"]
[Round "6"]
[White "Karnaukhova, Elmira"]
[Black "Golubenko, Valentina"]
[Result "0-1"]
[WhiteTitle "WGM"]
[BlackTitle "WGM"]
[WhiteElo "2319"]
[BlackElo "2209"]
[WhiteFideId "4148827"]
[BlackFideId "4501993"]
[EventDate "2020.06.18"]

1. d4 g6 2. c4 Bg7 3. Nc3 c5 4. d5 Bxc3+ 5. bxc3 f5 6. Nf3 Qa5 7. Qc2 Nf6 8. e3
b5 9. cxb5 Nxd5 10. Bd2 Nf6 11. c4 Qc7 12. Bc3 d6 13. Be2 Nbd7 14. Ng5 Ne5 15.
f4 Neg4 16. Bf3 Bb7 17. Qe2 Rb8 18. h3 Nh6 19. O-O Qd7 20. a4 O-O 21. Rfd1 Nf7
22. Bxf6 exf6 23. Bxb7 Rxb7 24. Nxf7 Rxf7 25. Qd3 Re7 26. Ra3 Qe8 27. Qxd6 Rbd7
28. Rad3 Rxd6 29. Rxd6 Qf7 30. Kf2 g5 31. R1d5 Kg7 32. Rxf5 Qxc4 33. Rdxf6 Qc2+
34. Kf3 Qe4+ 35. Kf2 Qxe3+ 36. Kf1 Qd3+ 37. Kg1 Qd4+ 38. Kh2 Qxf6 39. Rxf6 Kxf6 0-1

[Event "Women's Speed Chess Q1"]
[Site "chess.com INT"]
[Date "2020.06.18"]
[Round "6"]
[White "Bogumil, Tatiana"]
[Black "Selkirk, Rebecca"]
[Result "1-0"]
[WhiteTitle "WGM"]
[BlackTitle "WCM"]
[WhiteElo "2182"]
[BlackElo "1799"]
[WhiteFideId "4110579"]
[BlackFideId "14306514"]
[EventDate "2020.06.18"]

1. Nf3 Nf6 2. c4 c6 3. b3 d5 4. Bb2 Bf5 5. g3 e6 6. Bg2 Nbd7 7. O-O Be7 8. d3
Qc7 9. Nbd2 e5 10. e4 dxe4 11. dxe4 Nxe4 12. Nxe4 Bxe4 13. Re1 Bxf3 14. Bxf3 f6
15. Bh5+ g6 16. Bf3 O-O-O 17. Qc2 h5 18. a3 g5 19. b4 h4 20. Qf5 hxg3 21. hxg3
Kb8 22. Rad1 Nb6 23. c5 Nd5 24. Rd2 Qd7 25. Qxd7 Rxd7 26. Bg4 Rdd8 27. Bf5 b6
28. cxb6 axb6 29. Kg2 Nc7 30. Rc2 Kb7 31. Rec1 Rd6 32. Be4 Nd5 33. Rxc6 Rxc6 34.
Bxd5 Rc8 35. Rxc6 Rxc6 36. b5 Kc7 37. Bxc6 Bc5 38. g4 Kd6 39. f3 Be3 40. Kf1 Kc5
41. Ke2 Bf4 42. Kd3 Bg3 43. Bc3 1-0

[Event "Women's Speed Chess Q1"]
[Site "chess.com INT"]
[Date "2020.06.18"]
[Round "6"]
[White "Belenkaya, Dina"]
[Black "Babiy, Olga"]
[Result "0-1"]
[WhiteTitle "WGM"]
[BlackTitle "WGM"]
[WhiteElo "2297"]
[BlackElo "2228"]
[WhiteFideId "24142654"]
[BlackFideId "14117258"]
[EventDate "2020.06.18"]

1. e4 c5 2. Nc3 e6 3. Nge2 Nc6 4. g3 Nf6 5. Bg2 Be7 6. O-O O-O 7. d3 d6 8. f4 a6
9. h3 e5 10. f5 b5 11. g4 b4 12. Na4 h6 13. Be3 Nh7 14. c3 a5 15. d4 cxd4 16.
cxd4 Ba6 17. Rf2 Bg5 18. Bxg5 Qxg5 19. Nb6 Bxe2 20. Rxe2 Nxd4 21. Nxa8 Nxe2+ 22.
Qxe2 Rxa8 23. Rd1 Rd8 24. Qb5 Qe3+ 25. Kh2 Qf4+ 26. Kh1 Ng5 27. Qxa5 Rc8 28.
Qxb4 Nf3 29. Bxf3 Qxf3+ 30. Kg1 Qxd1+ 0-1

[Event "Women's Speed Chess Q1"]
[Site "chess.com INT"]
[Date "2020.06.18"]
[Round "6"]
[White "Mahdian, Anousha"]
[Black "Arabidze, Meri"]
[Result "0-1"]
[WhiteTitle "WFM"]
[BlackTitle "IM"]
[WhiteElo "2212"]
[BlackElo "2428"]
[WhiteFideId "12571490"]
[BlackFideId "13604040"]
[EventDate "2020.06.18"]

1. d4 d5 2. c4 e6 3. Nc3 Nf6 4. Nf3 Nbd7 5. Bf4 dxc4 6. e4 Bb4 7. Qc2 b5 8. Be2
Bb7 9. Nd2 a6 10. O-O O-O 11. a4 c5 12. dxc5 Nxc5 13. axb5 axb5 14. Rxa8 Qxa8
15. Nxb5 Bxd2 16. Qxd2 Ncxe4 17. Qc1 Nd5 18. f3 Nxf4 19. Qxf4 Qa4 20. Nc3 Qa7+
21. Kh1 Nf2+ 22. Rxf2 Qxf2 23. Qxc4 Qe1+ 24. Bf1 h6 25. Qe2 Qc1 26. h3 Rd8 27.
Kh2 Qf4+ 28. Kh1 Qd2 29. Kh2 Qxe2 30. Bxe2 Rd2 31. Bc4 Rxb2 32. Ne4 Bxe4 33.
fxe4 Kf8 34. Kg3 Ke7 35. h4 Kf6 36. Be2 Ke5 37. Bf3 g6 38. Kg4 Rb4 39. h5 g5 40.
Kg3 Rxe4 41. Bxe4 Kxe4 42. Kh3 f5 43. g3 Kf3 0-1

[Event "Women's Speed Chess Q1"]
[Site "chess.com INT"]
[Date "2020.06.18"]
[Round "6"]
[White "Tokhirjonova, Gulrukhbegim"]
[Black "Antova, Gabriela"]
[Result "1-0"]
[WhiteTitle "WGM"]
[BlackTitle "FM"]
[WhiteElo "2378"]
[BlackElo "2255"]
[WhiteFideId "14203626"]
[BlackFideId "2915235"]
[EventDate "2020.06.18"]

1. e4 c5 2. Nf3 Nc6 3. Bb5 e6 4. O-O Nge7 5. d4 cxd4 6. Nxd4 Qb6 7. Nxc6 bxc6 8.
Bd3 d5 9. c4 Bb7 10. Nc3 dxc4 11. Bxc4 Ng6 12. Qe2 Bd6 13. Be3 Qc7 14. g3 O-O
15. Rac1 Qa5 16. a3 Ne5 17. Rfd1 Nxc4 18. Qxc4 Be5 19. Qc5 Qc7 20. f4 Bf6 21.
Nb5 Qb6 22. Nd6 Ba6 23. e5 Bd8 24. Qc3 c5 25. Bxc5 Qc6 26. Bf2 Qa4 27. Rd4 Qd7
28. Qc6 Qxc6 29. Rxc6 Bb6 30. Rd2 Rab8 31. Bxb6 Rxb6 32. Rxb6 axb6 33. Rc2 f6
34. b4 g5 35. b5 1-0

[Event "Women's Speed Chess Q1"]
[Site "chess.com INT"]
[Date "2020.06.18"]
[Round "6"]
[White "Gunina, Valentina"]
[Black "Vaishali, R"]
[Result "1-0"]
[WhiteTitle "GM"]
[BlackTitle "WGM"]
[WhiteElo "2431"]
[BlackElo "2393"]
[WhiteFideId "4167570"]
[BlackFideId "5091756"]
[EventDate "2020.06.18"]

1. e4 c5 2. Nf3 Nc6 3. Bb5 g6 4. Bxc6 bxc6 5. O-O Bg7 6. Re1 Nh6 7. c3 O-O 8. d4
cxd4 9. cxd4 d5 10. Bxh6 Bxh6 11. Ne5 dxe4 12. Nc3 f5 13. Qb3+ e6 14. Nxc6 Qd6
15. d5 exd5 16. Nxd5 Be6 17. Nde7+ Kh8 18. Qh3 Qf4 19. Rad1 Qg5 20. Rd6 Bf7 21.
Nxf5 gxf5 22. Rxh6 Bg6 23. Ne5 Rf6 24. Nxg6+ Rxg6 25. Rxh7+ Kg8 26. Rh8+ Kf7 27.
Rxa8 Qd2 28. Qxf5+ Rf6 29. Rxa7+ Ke8 30. Qc8+ 1-0

[Event "Women's Speed Chess Q1"]
[Site "chess.com INT"]
[Date "2020.06.18"]
[Round "6"]
[White "Antolak, Julia"]
[Black "Eswaran, Ashritha"]
[Result "1-0"]
[WhiteTitle "WIM"]
[BlackTitle "WIM"]
[WhiteElo "2323"]
[BlackElo "2244"]
[WhiteFideId "1159569"]
[BlackFideId "2080788"]
[EventDate "2020.06.18"]

1. e4 c5 2. Nf3 a6 3. c4 e6 4. d4 cxd4 5. Nxd4 d6 6. Nc3 Be7 7. Be2 b6 8. O-O
Bb7 9. f4 Nf6 10. Bf3 Qc7 11. b3 Nbd7 12. Bb2 O-O 13. Qe1 Nc5 14. Rd1 Ncd7 15.
Qg3 Kh8 16. Rfe1 Rfd8 17. Kh1 Rac8 18. Re2 Bf8 19. Rde1 Qc5 20. Nc2 Qc7 21. Ne3
Nc5 22. Ng4 Nxg4 23. Qxg4 Nd3 24. Rd1 Nxb2 25. Rxb2 Qc5 26. Rbd2 Be7 27. Ne2 Bf6
28. Ng3 g6 29. f5 exf5 30. exf5 Bxf3 31. Qxf3 Bg7 32. Rd5 Qc6 33. Ne4 Be5 34.
Ng5 Kg7 35. fxg6 f6 36. Ne6+ Kxg6 37. Qg4+ Kf7 38. Nxd8+ Rxd8 39. Qh5+ Ke6 40.
Qxh7 Rf8 41. Qe4 Kd7 42. h3 Kc7 43. Qf5 Rg8 44. Qe6 Rg7 45. Rf1 Qa8 46. Rxf6
Bxf6 47. Qxd6+ Kb7 48. Qxf6 Qg8 49. Qf3 Ka7 50. Rf5 Re7 51. Rf8 1-0

[Event "Women's Speed Chess Q1"]
[Site "chess.com INT"]
[Date "2020.06.18"]
[Round "6"]
[White "Vidruska, Renate"]
[Black "Dubnikova, Anastasia"]
[Result "0-1"]
[WhiteTitle "WFM"]
[BlackTitle "WFM"]
[WhiteElo "2045"]
[BlackElo "2148"]
[WhiteFideId "11601841"]
[BlackFideId "44153759"]
[EventDate "2020.06.18"]

1. e4 Nf6 2. e5 Nd5 3. Nc3 Nxc3 4. bxc3 d6 5. f4 c5 6. d4 e6 7. Nf3 Nc6 8. Bd3
Be7 9. O-O b6 10. Be3 Bb7 11. Rb1 g6 12. exd6 Bxd6 13. dxc5 Bc7 14. cxb6 axb6
15. Nd4 Nxd4 16. Bxd4 O-O 17. f5 exf5 18. Qd2 Qh4 19. g3 Qh3 20. Qf2 Rxa2 21.
Rfe1 Bc6 22. Bf1 Qg4 23. Be2 Qe4 24. Bf3 Qxf3 25. Qxf3 Bxf3 26. Re7 Bd6 27. Rd7
Bc5 28. Kf2 Bxd4+ 29. cxd4 Be4 30. Rxb6 Rxc2+ 31. Ke3 Rxh2 32. Kf4 Rf2+ 33. Ke5
Re2 34. Kd6 Bf3 35. d5 Rd2 36. Kc6 Re8 37. Rb5 Bxd5+ 38. Rdxd5 Rxd5 39. Rxd5 Re3
40. Rd8+ Kg7 41. Kc7 Rxg3 42. Rd7 Re3 43. Kd8 Kf6 44. Rd4 Re6 45. Rh4 h5 0-1

[Event "Women's Speed Chess Q1"]
[Site "chess.com INT"]
[Date "2020.06.18"]
[Round "6"]
[White "Aakanksha, Hagawane"]
[Black "Dauletova, Gulmira"]
[Result "1-0"]
[WhiteTitle "WIM"]
[BlackTitle "WIM"]
[WhiteElo "2238"]
[BlackElo "2319"]
[WhiteFideId "25014510"]
[BlackFideId "13702971"]
[EventDate "2020.06.18"]

1. e4 c5 2. Nf3 e6 3. c4 Nc6 4. Nc3 Nd4 5. Nxd4 cxd4 6. Ne2 e5 7. d3 Bb4+ 8. Bd2
a5 9. g3 Nf6 10. Bg2 O-O 11. O-O Bxd2 12. Qxd2 d6 13. h3 Bd7 14. f4 b5 15. b3 a4
16. f5 bxc4 17. bxc4 Qa5 18. Qxa5 Rxa5 19. Rab1 Bc6 20. Rb6 Rc8 21. Rfb1 Nd7 22.
R6b4 Nc5 23. Nc1 Kf8 24. a3 Ke7 25. Bf1 g6 26. fxg6 hxg6 27. Be2 f5 28. exf5
gxf5 29. Rb6 e4 30. dxe4 fxe4 31. Bg4 Rc7 32. Ne2 d3 33. Nd4 Bd7 34. Bxd7 Kxd7
35. Nf5 Rc6 36. Rb8 Nb3 37. Ne3 Nd2 38. R1b7+ Rc7 39. Rxc7+ Kxc7 40. Re8 Rg5 41.
Kf2 Kc6 42. h4 Rg7 43. g4 Rf7+ 44. Nf5 Kc5 45. h5 Nxc4 46. Rxe4 d2 47. Ke2 d5
48. Re7 Nxa3 49. Rxf7 Nb1 50. h6 a3 51. h7 Nc3+ 52. Kxd2 a2 53. h8=Q a1=Q 54.
Qxc3+ Qxc3+ 55. Kxc3 1-0

[Event "Women's Speed Chess Q1"]
[Site "chess.com INT"]
[Date "2020.06.18"]
[Round "6"]
[White "Batsiashvili, Nino"]
[Black "Ushenina, Anna"]
[Result "0-1"]
[WhiteTitle "GM"]
[BlackTitle "GM"]
[WhiteElo "2457"]
[BlackElo "2416"]
[WhiteFideId "13602993"]
[BlackFideId "14110911"]
[EventDate "2020.06.18"]

1. d4 d5 2. Nf3 Nf6 3. Bf4 e6 4. Nbd2 Bd6 5. Bg5 Nbd7 6. e4 dxe4 7. Nxe4 O-O 8.
Bd3 b6 9. Ne5 Nxe5 10. Nxf6+ gxf6 11. dxe5 fxg5 12. exd6 Qxd6 13. h4 Qe5+ 14.
Kf1 g4 15. Qxg4+ Qg7 16. Qf3 Rb8 17. Rh3 Bb7 18. Be4 Bxe4 19. Qxe4 Qxb2 20. Re1
Kh8 21. h5 Rbd8 22. h6 Qd4 23. Qf3 Rg8 24. Rg3 Rd7 25. Rxg8+ Kxg8 26. Kg1 Kf8
27. Re4 Qd1+ 28. Kh2 Qxf3 29. gxf3 Rd2 30. Kg2 Rxc2 31. Rg4 Rxa2 32. Rg7 Ra5 33.
f4 Rh5 34. Rxh7 a5 35. Kg3 a4 36. Kg4 Rh1 37. Kg5 Ke7 38. f5 exf5 39. Rg7 a3 40.
Rg8 Rg1+ 41. Kxf5 Rxg8 42. h7 Rh8 0-1